Statistiques concernant Personnage Call of duty Black ops

Cliquez ici pour prendre le quiz!

Statistiques générales

  • Ce quiz a été pris 128 fois
  • Le résultat moyen est 2 sur 27

Statistiques - réponses

Nom des personnages% Correct
Alex Mason
89%
David Mason
40%
Jason Hudson
22%
Viktor Reznov
22%
Raul Menendez
14%
Friedrich Steiner
11%
Dimitri Petrenko
10%
Lev Kravchenko
8%
Nikita Dragovich
8%
Grigori Weaver
7%
Edward Richtofen
6%
Russell Adler
3%
Harvey Yena
1%
Yirina Portnova
1%
Abigail "Misty" Briarton
0%
Alessandra "Outrider" Castillo
0%
Captain Frank Woods
0%
Erin "Battery" Baker
0%
Helen Park
0%
Imran Zakhaev
0%
Lawrence Sims
0%
Marlton Johnson
0%
Mil-Sim
0%
Samuel Abidoyo
0%
Samuel J. Stuhlinger
0%
Shadowman
0%
Tommy Briggs
0%

Distribution des résultats

Percentile par nombre de réponses

% des personnes avec chaque résultat

Votre développement - résultats

Vous n’avez pas pris ce quiz